000 00802nam a2200229 4500
005 20240530110550.0
008 160625s2014 ua a|||g bd|| 00| 0 ara d
017 _a2013/22191
_bمصر. دار الكتب المصرية
020 _a9772329489
040 _aEG-CaGPL
082 0 4 _a001.42/
_bع م
_221
100 0 _aعبدالرحمن سيد سليمان
245 1 0 _aمناهح البحث /
_cاعداد عبدالرحمن سيد سليمان.
250 _aط. 1.
260 _aالقاهرة :
_bعالم الكتب،
_c2014.
300 _a359 ص. :
_bايض. ؛
_c24 سم.
500 _aيشتمل على قائمة مصطلحات.
504 _aببليوجرافية : ص. 339-351.
650 0 4 _aطرق البحث
942 _2ddc
_cBK
999 _c62435
_d62435